header

Art, psychotherapy, and psychosis (Record no. 68017)

MARC details
000 -LEADER
fixed length control field 01260nam a2200337Ia 4500
245 00 - TITLE STATEMENT
Title Art, psychotherapy, and psychosis
260 ## - PUBLICATION, DISTRIBUTION, ETC. (IMPRINT)
Place of publication London ;
-- New York :
Name of publisher Routledge,
Year of publication 1997.
300 ## - PHYSICAL DESCRIPTION
Number of Pages xi, 267 p. :
Other physical details ill.
650 #0 - SUBJECT ADDED ENTRY--TOPICAL TERM
Topical Term Psychoses
Topical Term Art therapy.
Topical Term Art and mental illness.
700 1# - ADDED ENTRY--PERSONAL NAME
Personal name Killick, Katherine.
Personal name Schaverien, Joy,
856 40 - ELECTRONIC LOCATION AND ACCESS
Uniform Resource Identifier http://site.ebrary.com/lib/rucke/Doc?id=10058012

No items available.

© 2026 Rongo University
Contact us: librarian | system librarian | Rongo university